00876nam a2200181Ia 4500008004100000020002200041050001600063100002900079245007000108260002200178300001100200650005800211952010500269952010500374952009300479952010500572999001700677120626s9999 xx 000 0 und d a978-968-24-7764-5 aKGF3702 M45 aMENDEZ GALEANA, Jorge M. aIntroducción al derecho económico / Jorge M. Méndez Galeana aMéxico: Trillas a200 p. a1.Económia -- Leyes y Legislación -- MéxicoÌ 00104070a09b09d2009-06-19l3oKGF3702 M45p09 002953r2017-09-01s2017-08-25t1w2012-06-26yLB 00104070a09b09d2009-06-19l1oKGF3702 M45p09 002954r2024-11-30s2024-11-27t2w2012-06-26yLB 00104070a09b09d2009-06-19l0oKGF3702 M45p09 002955r2012-06-26t3w2012-06-26yLB 00104070a09b09d2009-06-19l2oKGF3702 M45p09 002956r2020-02-08s2020-02-08t4w2012-06-26yLB c64369d64369